000 00245nam a2200109Ia 4500
008 220204s9999 xx 000 0 und d
082 _a82-3
_bMAL
100 _aBarry N
245 0 _aHerovit's world
260 _aLondon
_bArrow
_c1976
942 _cBK
999 _c28819
_d28819